000 01330cam a2200397 4500
999 _c23252
_d23252
001 vtls011888814
005 20220428131034.0
008 210624s2019 xo gr 010 f slo
020 _a9788022021470
_q(viazané)
035 _aurn:nbn:sk:snk-am00e99v
035 _aurn:nbn:sk:snk-am3ige0
035 _a9E918639-0B34-4A87-9A66-F62C2228709F
040 _aPOKPOH
_bslo
_cPOKPOH
_dSNK
_erda
041 0 _aslo
044 _axo
_cSK
072 7 _a821.162.4-3
_xSlovenská próza
_2konspekt
080 _a821.162.4-31
_22011
080 _a(0:82-311.6)
_22011
080 _a(0:82-312.5)
_22011
100 1 _aBrestenská, Kristína
_4aut
_93069
245 1 0 _aStrážca nevinnosti
_cKristína Brestenská
264 1 _aBratislava
_bSlovenský spisovateľ, a.s.
_c2019
300 _a286 strán
_c21 cm
336 _atext
_btxt
_2rdacontent
337 _abez média
_bn
_2rdamedia
338 _azväzok
_bnc
_2rdacarrier
655 7 _aslovenské romány
_2SNKPH
_91694
655 7 _aSlovak fiction
_2SNKPHeng
_91695
655 7 _ahistorické romány
_2SNKPH
_91688
655 7 _aHistorical novels
_2SNKPHeng
_91689
655 7 _aľúbostné romány
_2SNKPH
_913
655 7 _aLove novels
_2SNKPHeng
_91667
700 1 _aBrestenská, Kristína
_tGrófov syn
_93070
700 1 _aBrestenská, Kristína
_tOchranca
_93071
958 _aLX